Sports Quiz

Random Sports or Football Quiz

NFL 220+ Career Starts Quiz Stats

 Plays Quiz Updated Sep 29, 2016

Challenge
Share
Tweet
Embed
Score 0/34 Timer 06:00
2 Plays Today
Starts Player % Correct
298Brett Favre
96.8%
265Peyton Manning
77%
223Tom Brady
71.4%
284Jerry Rice
69.6%
240Dan Marino
69.4%
231John Elway
64.1%
267Bruce Smith
63.9%
227Ray Lewis
58.1%
239Fran Tarkenton
51.2%
251Lomas Brown
46.1%
293Bruce Matthews
44.3%
248Clay Matthews
44.1%
258Darrell Green
43.8%
254Tony Gonzalez
42.5%
251Charles Woodson
39.2%
228Reggie White
39.1%
232Ronde Barber
35.4%
Starts Player % Correct
243Junior Seau
29.8%
221Brian Dawkins
27.6%
221Derrick Brooks
26.8%
225Rickey Jackson
26.1%
229Rod Woodson
24.5%
270Jim Marshall
17.9%
240London Fletcher
15%
223Will Shields
9.9%
238Kevin Mawae
9%
222Bill Romanowski
7.5%
220Randall McDaniel
6%
251Mike Kenn
5.8%
232Eugene Robinson
4.1%
226Jeff Van Note
3.3%
240Mick Tingelhoff
2.8%
228Ray Donaldson
1.2%
223Stan Brock
0.8%

You're not logged in!

Compare scores with friends on all Sporcle quizzes.
Join for Free
OR
Log In

You Might Also Like...

Show Comments

Extras

Top Quizzes Today


Score Distribution

Your Account Isn't Verified!

In order to create a playlist on Sporcle, you need to verify the email address you used during registration. Go to your Sporcle Settings to finish the process.

Report this User

Report this user for behavior that violates our Community Guidelines.

Details: